|
|
|
|
| LEADER |
00000cas a2200000 a 4500 |
| 001 |
vtls008881252 |
| 003 |
SK-MaSNL |
| 005 |
20260228162136.0 |
| 008 |
141119d20002003xo qr|p 0 0 b0slo c |
| 022 |
|
|
|a 1335-6194
|
| 035 |
|
|
|a (SVKBB03)vtls000060538
|
| 040 |
|
|
|a SVKBB
|b slo
|c SVKBB
|d SNK
|d SAVUK
|e AACR2
|
| 041 |
0 |
|
|a slo
|
| 044 |
|
|
|a xo
|c SK
|
| 072 |
|
7 |
|a 616
|x Patológia. Klinická medicína
|2 konspekt
|
| 080 |
|
|
|a 050
|2 2001
|
| 080 |
|
|
|a 616-02:616-092.19
|2 2001
|
| 080 |
|
|
|a 616.248
|2 2001
|
| 080 |
|
|
|a 616.1/.9
|2 2001
|
| 080 |
|
|
|a 613
|2 2001
|
| 210 |
0 |
|
|a Alergo
|b (Bratisl.)
|
| 222 |
|
0 |
|a Alergo
|b (Bratislava)
|
| 245 |
0 |
0 |
|a Alergo
|b alergia, astma, bronchitída
|
| 260 |
|
|
|a Bratislava
|b LB International
|c 2000-2003
|
| 300 |
|
|
|a 4 zv.
|c 30 cm
|
| 310 |
|
|
|a 4x ročne
|
| 362 |
0 |
|
|a Roč. 1, č. 1 (2000)-roč. 4, č. 4 (2003)
|
| 500 |
|
|
|a Šéfredaktor: 2000-2003, Ivan Hruškovič
|
| 500 |
|
|
|a Reg. č.: MK SR 2263/2000
|
| 500 |
|
|
|a Podnázov v tir.: časopis pre alergikov a astmatikov ; od č. 3/2002: časopis pre alergikov a astmatikov so zameraním na zdravotnícku osvetu, určený všetkým vekovým kategóriám
|
| 500 |
|
|
|a Zmena podnázvu od č. 3/2002: alergia, astma, civilizačné ochorenia
|
| 500 |
|
|
|a Č. 1-3/2003 má prílohu Alergo - odborná príloha pre lekárov
|
| 650 |
0 |
7 |
|a alergia
|2 SNKPH
|9 29852
|
| 650 |
0 |
7 |
|a astma
|2 SNKPH
|9 2427
|
| 650 |
0 |
7 |
|a bronchitída
|2 SNKPH
|9 15809
|
| 650 |
0 |
7 |
|a civilizačné choroby
|2 SNKPH
|9 71637
|
| 650 |
0 |
7 |
|a ochrana zdravia
|2 SNKPH
|9 1135
|
| 655 |
|
7 |
|a odborné časopisy
|2 SNKPH
|9 70505
|
| 700 |
1 |
|
|a Hruškovič, Ivan,
|d 1936-2015
|4 pbd
|9 264472
|
| 910 |
|
|
|a snk
|
| 910 |
|
|
|a savuk
|
| 916 |
|
|
|a 2000-2003
|
| 958 |
|
|
|a OND
|
| 999 |
|
|
|c 6929
|d 8859
|
| 952 |
|
|
|0 0
|1 0
|4 0
|7 0
|8 0
|a SNK
|b SNK
|d 2008-04-16
|f 1
|i snk2008/8791
|l 0
|o snkČSB 5629/4/2003
|p 17A0574970
|r 2026-02-21 19:34:12
|t č. 1-4, +príl.
|w 2026-02-21
|y PREZ
|z obsahuje prílohu Alergo - odborná príloha pre lekárov č. 1,2,3
|
| 952 |
|
|
|0 0
|1 0
|4 0
|7 0
|8 0
|a SNK
|b SNK
|d 2008-04-16
|f 1
|i snk2008/8785
|l 0
|o snkČSB 5629/1/2000
|p 17A0574963
|r 2026-02-21 20:07:25
|t č. 1-3
|w 2026-02-21
|y PREZ
|
| 952 |
|
|
|0 0
|1 0
|4 0
|7 0
|8 0
|a SNK
|b SNK
|d 2008-04-16
|f 1
|i snk2008/8789
|l 0
|o snkČSB 5629/3/2002
|p 17A0574959
|r 2026-02-21 20:29:07
|t č. 1-4
|w 2026-02-21
|y PREZ
|
| 952 |
|
|
|0 0
|1 0
|4 0
|7 0
|8 0
|a SNK
|b SNK
|d 2008-04-16
|i snk2008/8786
|l 0
|o snkČSB 5629/1/2000 D1
|p 17A0574962
|r 2026-02-21 21:01:22
|t č. 1-3
|w 2026-02-21
|y PREZ
|
| 952 |
|
|
|0 0
|1 0
|4 0
|7 0
|8 0
|a SNK
|b SNK
|d 2008-04-16
|f 1
|i snk2008/8787
|l 0
|o snkČSB 5629/2/2001
|p 17A0574961
|r 2026-02-21 21:01:22
|t č. 1-4
|w 2026-02-21
|y PREZ
|
| 952 |
|
|
|0 0
|1 0
|4 0
|7 0
|8 0
|a SNK
|b SNK
|d 2008-04-16
|i snk2008/8788
|l 0
|o snkČSB 5629/2/2001 D1
|p 17A0574960
|r 2026-02-21 21:01:22
|t č. 1-4, neúplné
|w 2026-02-21
|y PREZ
|z Chýba č. 2,4
|
| 952 |
|
|
|0 0
|1 0
|4 0
|7 0
|8 0
|a SNK
|b SNK
|d 2008-04-16
|i snk2008/8790
|l 0
|o snkČSB 5629/3/2002 D1
|p 17A0574969
|r 2026-02-21 21:01:22
|t č. 1-4
|w 2026-02-21
|y PREZ
|
| 952 |
|
|
|0 0
|1 0
|4 0
|7 0
|8 0
|a SNK
|b SNK
|d 2008-04-16
|i snk2008/8792
|l 0
|o snkČSB 5629/4/2003 D1
|p 17A0574971
|r 2026-02-21 21:01:22
|t č. 1-4, neúplné
|w 2026-02-21
|y PREZ
|z Chýba č. 2,4
|